000 00645nam a22002177a 4500
005 20170124105919.0
010 _aA-760952
020 _c00.00
_a8173861188
035 _aA-760952
037 _bCen Lib/Ret
040 _aDPL
_bEN
082 _a306.7
_bBOS
100 _a Bose, S. N.
_972030
245 _aLove, hate and sex /
_cby S. N. Bose
260 _aNew Delhi
_bBooks for All
_c1995
270 _a1,Ansari Road,Dariya Ganj
_bNew Delhi
_e110002
300 _aix,115p.
_c20cm(Hb)
500 _aIncludes bibliographical reference and index
650 _aThree elements of life
_972031
942 _2ddc
_cEN
_h306.7
_mBOS
999 _c123023
_d123023